[Event "Ruhrgebiet Verbandsklasse Gruppe 2 1415"]
[Site "Germany"]
[Date "2015.04.26"]
[Round "9.2"]
[White "Panofen, Ingo"]
[Black "Gross, Thomas"]
[Result "1/2-1/2"]
[WhiteElo "1913"]
[BlackElo "1961"]
[PlyCount "92"]
[EventDate "2014.09.21"]
[EventType "team-tourn"]
[EventRounds "9"]
[EventCountry "GER"]
[SourceTitle "EXT 2022"]
[Source "ChessBase"]
[SourceDate "2021.10.06"]
[SourceVersion "1"]
[SourceVersionDate "2021.10.06"]
[SourceQuality "1"]
[WhiteTeam "Castrop Rauxel II"]
[BlackTeam "Oberhausen SV III"]
[WhiteTeamCountry "GER"]
[BlackTeamCountry "GER"]

1. d4 d5 2. c4 c6 3. Nc3 Nf6 4. Nf3 a6 5. e3 b5 6. cxd5 cxd5 7. Bd3 Bb7 8. 0-0 Nbd7 9. Qe2 e6 10. e4 b4 11. exd5 Nxd5 12. Nxd5 Bxd5 13. Bxa6 Bxf3 14. gxf3 Bd6 15. Bb7 Qh4 16. f4 Ra5 17. Bc6 g5 18. d5 gxf4 19. f3 Rg8+ 20. Kh1 Ke7 21. Bd2 Nf6 22. Be1 Qh3 23. Rd1 Nh5 24. Rg1 Ng3+ 25. Bxg3 Rxg3 26. dxe6 fxe6 27. Bd5 Bc5 28. Rxg3 fxg3 29. Re1 Be3 30. Bxe6 Qh4 31. Qg2 Re5 32. Bg4 gxh2 33. Rd1 Bf4 34. Bh3 Re1+ 35. Rxe1+ Qxe1+ 36. Qf1 Qe3 37. Qd1 Bd6 38. Bg2 h5 39. Bh3 h4 40. Qf1 Qd2 41. Qb1 Kd8 42. Bg4 Qf2 43. Qd1 Kc7 44. Bf5 Qg3 45. a4 h3 46. Qc1+ Kb6 1/2-1/2

[Event "Ruhrgebiet Verbandsliga2 1213"]
[Site "Nordrheinwestfalen"]
[Date "2013.01.13"]
[Round "5.6"]
[White "Bense, Dirk"]
[Black "Gross, Thomas"]
[Result "1/2-1/2"]
[WhiteElo "1941"]
[BlackElo "1898"]
[PlyCount "46"]
[EventDate "2012.09.02"]
[EventType "team-tourn"]
[EventRounds "9"]
[EventCountry "GER"]
[SourceTitle "EXT 2020"]
[Source "ChessBase"]
[SourceDate "2019.10.17"]
[SourceVersion "1"]
[SourceVersionDate "2019.10.17"]
[SourceQuality "1"]
[WhiteTeam "Brackel SF II"]
[BlackTeam "Oberhausen SV II"]
[WhiteTeamCountry "GER"]
[BlackTeamCountry "GER"]

1. e4 e6 2. d4 d5 3. Nc3 h6 4. e5 c5 5. f4 cxd4 6. Qxd4 Nc6 7. Qf2 Bb4 8. Bd2 Nge7 9. Nf3 Bd7 10. Bd3 Rc8 11. a3 Qa5 12. Nb5 Bxd2+ 13. Nxd2 0-0 14. 0-0 Nxe5 15. Qxa7 Qxa7+ 16. Nxa7 Ra8 17. fxe5 Rxa7 18. Nb3 Rc8 19. Nd4 Ba4 20. Rf4 Nc6 21. Nxc6 bxc6 22. c4 Bb3 23. cxd5 Bxd5 1/2-1/2

[Event "Ruhrgebiet Regionalliga 1112"]
[Site "Nordrheinwestfalen"]
[Date "2011.11.06"]
[Round "3.8"]
[White "Gross, Thomas"]
[Black "Schwager, Georg"]
[Result "1/2-1/2"]
[WhiteElo "1841"]
[BlackElo "1875"]
[PlyCount "59"]
[EventDate "2011.09.25"]
[EventType "team-tourn"]
[EventRounds "9"]
[EventCountry "GER"]
[SourceTitle "EXT 2020"]
[Source "ChessBase"]
[SourceDate "2019.10.17"]
[SourceVersion "1"]
[SourceVersionDate "2019.10.17"]
[SourceQuality "1"]
[WhiteTeam "Oberhausen SV II"]
[BlackTeam "Hattingen"]
[WhiteTeamCountry "GER"]
[BlackTeamCountry "GER"]

1. Nf3 d5 2. g3 c5 3. Bg2 Nf6 4. 0-0 Nc6 5. d4 e6 6. c4 cxd4 7. Nxd4 Bc5 8. Nxc6 bxc6 9. Qc2 Be7 10. Rd1 Bd7 11. Nc3 0-0 12. e4 dxc4 13. Bg5 Ng4 14. Bxe7 Qxe7 15. Na4 c5 16. Qxc4 Bxa4 17. Qxa4 Rad8 18. h3 Ne5 19. Rxd8 Rxd8 20. Rd1 Rxd1+ 21. Qxd1 Nc6 22. f4 Nd4 23. e5 g6 24. Be4 Qc7 25. b4 a5 26. bxc5 Qxc5 27. Kg2 Qc3 28. a4 Kg7 29. Bd3 Qb2+ 30. Kg1 1/2-1/2

[Event "Leutersdorf Sparkasse op 15th"]
[Site "Leutersdorf"]
[Date "2011.02.19"]
[Round "3"]
[White "Roesler, Christian"]
[Black "Gross, Thomas"]
[Result "1/2-1/2"]
[WhiteElo "1833"]
[BlackElo "2014"]
[PlyCount "68"]
[EventDate "2011.02.18"]
[EventType "swiss"]
[EventRounds "7"]
[EventCountry "GER"]
[SourceTitle "CBM 141 Extra"]
[Source "ChessBase"]
[SourceDate "2011.05.03"]
[SourceVersion "1"]
[SourceVersionDate "2011.05.03"]
[SourceQuality "1"]

1. e4 e5 2. Nf3 d5 3. d4 dxe4 4. Nxe5 Bd6 5. Bc4 Bxe5 6. Bxf7+ Kxf7 7. Qh5+ Kf8 8. Qxe5 Nc6 9. Qxe4 Nf6 10. Qh4 Qxd4 11. Qxd4 Nxd4 12. Na3 Bf5 13. Be3 Nxc2+ 14. Nxc2 Bxc2 15. Rc1 Be4 16. Rxc7 Re8 17. 0-0 h6 18. Bxa7 Bc6 19. Bd4 Kg8 20. f3 Rh7 21. Bxf6 gxf6 22. Rxh7 Kxh7 23. h3 Re2 24. Rb1 Bb5 25. b4 Bc4 26. Rc1 Bd5 27. Rc5 Rd2 28. a4 Rd4 29. a5 Kg6 30. b5 Bc4 31. a6 bxa6 32. b6 Rd6 33. Rxc4 Rxb6 34. Rc8 Kg7 1/2-1/2

[Event "Leutersdorf Sparkasse op 15th"]
[Site "Leutersdorf"]
[Date "2011.02.18"]
[Round "1"]
[White "Bauer, Roland"]
[Black "Gross, Thomas"]
[Result "0-1"]
[WhiteElo "1492"]
[BlackElo "2014"]
[PlyCount "110"]
[EventDate "2011.02.18"]
[EventType "swiss"]
[EventRounds "7"]
[EventCountry "GER"]
[SourceTitle "CBM 141 Extra"]
[Source "ChessBase"]
[SourceDate "2011.05.03"]
[SourceVersion "1"]
[SourceVersionDate "2011.05.03"]
[SourceQuality "1"]

1. e4 e5 2. Bc4 Nf6 3. Nf3 d5 4. exd5 Bd6 5. d3 h6 6. Nc3 Nbd7 7. Be3 Nb6 8. Bb3 Bg4 9. h3 Bh5 10. Bxb6 axb6 11. Qe2 0-0 12. 0-0-0 b5 13. g4 b4 14. Ne4 Nxe4 15. dxe4 Bg6 16. h4 Qf6 17. Kb1 Qf4 18. Nd2 Bc5 19. f3 Ra6 20. Qh2 Be3 21. Nc4 Qxh2 22. Rxh2 Bf4 23. Rhh1 b5 24. Nd2 Rd8 25. h5 Bh7 26. c4 bxc3 27. bxc3 c5 28. dxc6 Rxc6 29. Kc2 Rdc8 30. c4 Bxd2 31. Kxd2 bxc4 32. Rc1 cxb3 33. Rxc6 Rxc6 34. axb3 Kf8 35. Ra1 Rc8 36. b4 f6 37. b5 Rb8 38. b6 Rxb6 39. Ra8+ Ke7 40. Ke3 Rb7 41. Kf2 Kf7 42. Kg3 g6 43. Kh4 gxh5 44. Kxh5 Kg7 45. Rd8 Bg8 46. Kh4 Bf7 47. Kg3 h5 48. gxh5 Bxh5 49. Rd3 Rb4 50. Kh4 Bxf3 51. Rxf3 Rxe4+ 52. Kh5 Re1 53. Kg4 Kg6 54. Rg3 f5+ 55. Kf3+ Kf6 0-1

[Event "Ruhrgebiet Regionalliga 1011"]
[Site "Nordrheinwestfalen"]
[Date "2011.01.23"]
[Round "5.7"]
[White "Buschmann, Andreas"]
[Black "Gross, Thomas"]
[Result "1-0"]
[WhiteElo "1976"]
[BlackElo "1916"]
[PlyCount "129"]
[EventDate "2010.09.19"]
[EventType "team-tourn"]
[EventRounds "9"]
[EventCountry "GER"]
[SourceTitle "EXT 2020"]
[Source "ChessBase"]
[SourceDate "2019.10.17"]
[SourceVersion "1"]
[SourceVersionDate "2019.10.17"]
[SourceQuality "1"]
[WhiteTeam "Horst Emscher"]
[BlackTeam "Oberhausen SV II"]
[WhiteTeamCountry "GER"]
[BlackTeamCountry "GER"]

1. d4 d5 2. c4 c6 3. Nc3 Nf6 4. Nf3 a6 5. cxd5 cxd5 6. Bg5 Ne4 7. Bf4 Qa5 8. Qb3 e6 9. Nd2 Nc6 10. Ndxe4 dxe4 11. e3 Nb4 12. Be2 Bd7 13. 0-0 Bc6 14. a3 Nd5 15. Nxd5 Bxd5 16. Bc4 Be7 17. Rac1 Bc6 18. Qc3 Qxc3 19. Rxc3 0-0 20. Rfc1 Rfd8 21. Kf1 Rd7 22. Ke2 Bd6 23. Bxd6 Rxd6 24. f4 Kf8 25. g4 Ke7 26. g5 Rc8 27. h4 Bd7 28. Kd2 Rb6 29. Bb3 Rxc3 30. Rxc3 Rc6 31. Bc2 Rxc3 32. bxc3 Bc6 33. c4 Kd6 34. Kc3 b6 35. Bd1 f6 36. Bg4 f5 37. Be2 a5 38. h5 h6 39. Bd1 Bd7 40. g6 Bc6 41. Bc2 Bb7 42. Bb3 Bc8 43. Ba4 Bb7 44. Bb5 Bc8 45. Kb3 Bb7 46. Ka4 Bc8 47. c5+ bxc5 48. dxc5+ Kxc5 49. Kxa5 e5 50. fxe5 Kd5 51. Kb6 Kxe5 52. Kc7 Be6 53. a4 Bd5 54. a5 f4 55. exf4+ Kxf4 56. a6 e3 57. a7 Bf3 58. Kd6 Kg5 59. Be2 Bxe2 60. a8Q Bxh5 61. Qd5+ Kxg6 62. Qe4+ Kf6 63. Qxe3 g5 64. Qe6+ Kg7 65. Ke7 1-0

[Event "Ruhrgebiet VL2 0910"]
[Site "Germany"]
[Date "2009.10.04"]
[Round "2.6"]
[White "Schulze, Hans"]
[Black "Gross, Thomas"]
[Result "1/2-1/2"]
[WhiteElo "1933"]
[BlackElo "1912"]
[PlyCount "42"]
[EventDate "2009.09.06"]
[EventType "team-tourn"]
[EventRounds "9"]
[EventCountry "GER"]
[SourceTitle "EXT 2011"]
[Source "ChessBase"]
[SourceDate "2010.11.26"]
[SourceVersion "1"]
[SourceVersionDate "2010.11.26"]
[SourceQuality "1"]
[WhiteTeam "Linden"]
[BlackTeam "Oberhausen II"]
[WhiteTeamCountry "GER"]
[BlackTeamCountry "GER"]

1. e4 e6 2. d4 d5 3. exd5 exd5 4. Nf3 Nc6 5. Nc3 Bg4 6. Be2 Bb4 7. 0-0 Nge7 8. Bg5 f6 9. Bf4 Qd7 10. Nb5 Ba5 11. c3 a6 12. Na3 0-0 13. Nc2 Nd8 14. b4 Bb6 15. a4 c6 16. a5 Ba7 17. Re1 Ne6 18. Bg3 Rfb8 19. Ne3 Bxf3 20. Bxf3 Ng5 21. Bf4 Nxf3+ 1/2-1/2

[Event "Ruhrgebiet VK1 0708"]
[Site "Germany"]
[Date "2008.03.09"]
[Round "7.7"]
[White "Gross, Thomas"]
[Black "Kuznetsov, Valeriy"]
[Result "1-0"]
[WhiteElo "1876"]
[BlackElo "1214"]
[PlyCount "69"]
[EventDate "2007.09.16"]
[EventType "team"]
[EventRounds "9"]
[EventCountry "GER"]
[SourceTitle "EXT 2009"]
[Source "ChessBase"]
[SourceDate "2008.11.26"]
[SourceVersion "1"]
[SourceVersionDate "2008.11.26"]
[SourceQuality "1"]
[WhiteTeam "Oberhausen II"]
[BlackTeam "Altstadt RE"]
[WhiteTeamCountry "GER"]
[BlackTeamCountry "GER"]

1. d4 d5 2. Bf4 e6 3. Nf3 Bd6 4. Bg3 Nf6 5. e3 a6 6. a4 Ne4 7. Bd3 Nxg3 8. hxg3 h6 9. Nbd2 Nd7 10. c3 a5 11. e4 dxe4 12. Nxe4 Nf6 13. Qe2 Be7 14. Ne5 Nxe4 15. Bxe4 Bf6 16. Qh5 Bxe5 17. dxe5 c6 18. Rd1 Qe7 19. g4 Rf8 20. f4 Bd7 21. Rd6 Rd8 22. 0-0 Bc8 23. Rfd1 Rxd6 24. Rxd6 Qc7 25. f5 Qb6+ 26. Kh1 Qe3 27. Qh4 Bd7 28. fxe6 fxe6 29. Bg6+ Rf7 30. Bxf7+ Kxf7 31. Rxd7+ Kg8 32. Rd8+ Kh7 33. Qh3 Qxe5 34. Qd3+ g6 35. Qd7+ 1-0